| 000 | 00605nam a2200169 a 4500 | ||
|---|---|---|---|
| 001 | 000048227 | ||
| 005 | 20201002061014.0 | ||
| 008 | 181207s2016 000 spa d | ||
| 040 |
_aDO-SdBNP _bspa _cBNPHU |
||
| 082 |
_axx _bxx |
||
| 110 | 2 |
_aRepública Dominicana _bInstituto Nacional de Formación y Capacitación del Magisterio _975658 |
|
| 245 | 1 | 0 |
_aPlan estratégico : _b2013-2016 / _ccoordinación general Denias Burgos de Camacho. |
| 260 |
_aSanto Domingo : _bINAFOCAM, _c2016. |
||
| 300 |
_a40 p. : ; _c23 cm. |
||
| 590 | _aInventariado, 2019/VM | ||
| 700 | 1 |
_aBurgos de Camacho, Denias _ecoor. _975666 |
|
| 999 |
_c47715 _d47715 |
||